Catalog

Record Details

Catalog Search



Available copies

  • 2 of 2 copies available at LARL/NWRL Consortium.
  • 1 of 1 copy available at Lake Agassiz Regional Library. (Show preferred library)

Current holds

0 current holds with 2 total copies.

Show Only Available Copies
Location Call Number / Copy Notes Barcode Shelving Location Status Due Date
Moorhead Public Library Y BLA (Text) 33500012413589 Main Available -
Roseau Public Library ya BLA (Text) 35500005819600 Main Available -

Record details

  • ISBN: 9780062385437
  • ISBN: 0062385437
  • Physical Description: 398 pages : map ; 22 cm
  • Edition: First edition.
  • Publisher: New York : Harperteen, an imprint of HarperCollins Publishers, [2016]

Content descriptions

Summary, etc.:
In every generation on the island of Fennbirn, a ... Read More
Subject: Magic > Juvenile fiction.
Sisters > Juvenile fiction.
Queens > Juvenile fiction.
Contests > Juvenile fiction.
Inheritance and succession > Juvenile fiction.
Genre: Young adult fiction.
Fantasy fiction.
LDR 02115cam a2200445Ki 4500
001210068
003LARL_NWRL_CONSORTIUM
00520160921162037.0
008160101t20162016nyub d 000 1 eng d
019 . ‡a933584555
020 . ‡a9780062385437 ‡q(hardcover)
020 . ‡a0062385437 ‡q(hardcover)
035 . ‡a(OCoLC)933720509 ‡z(OCoLC)933584555
08204. ‡a[Fic] ‡223
1001 . ‡aBlake, Kendare, ‡eauthor. ‡0(LARL_NWRL_CONSORTIUM)221066
24510. ‡aThree dark crowns. ‡n#1 / ‡cKendare Blake.
2463 . ‡a3 dark crowns
250 . ‡aFirst edition.
264 1. ‡aNew York : ‡bHarperteen, an imprint of HarperCollins Publishers, ‡c[2016]
264 4. ‡c©2016
300 . ‡a398 pages : ‡bmap ; ‡c22 cm
336 . ‡atext ‡btxt ‡2rdacontent
337 . ‡aunmediated ‡bn ‡2rdamedia
338 . ‡avolume ‡bnc ‡2rdacarrier
4900 . ‡aThree dark crowns ; ‡v1
520 . ‡aIn every generation on the island of Fennbirn, a set of triplets is born--three queens, all equal heirs to the crown and each possessor of a coveted magic. Mirabella is a fierce elemental, able to control storms or flames with the snap of her fingers. Katharine is a poisoner, able to ingest the deadliest poisons without harm. And Arsinoe, a naturalist, can control nature. But becoming the Queen Crowned isn't solely a matter of royal birth. Each sister has to fight for it. And it's not just a game of win or lose ... it's life or death. The night the sisters turn sixteen, the battle begins. The last queen standing gets the crown. -- ‡cfrom dust jacket.
650 0. ‡aMagic ‡vJuvenile fiction. ‡0(LARL_NWRL_CONSORTIUM)165990
650 0. ‡aSisters ‡vJuvenile fiction. ‡0(LARL_NWRL_CONSORTIUM)167228
650 0. ‡aQueens ‡vJuvenile fiction.
650 0. ‡aContests ‡vJuvenile fiction. ‡0(LARL_NWRL_CONSORTIUM)171628
650 0. ‡aInheritance and succession ‡vJuvenile fiction.
655 0. ‡aYoung adult fiction.
655 7. ‡aFantasy fiction. ‡2lcgft
901 . ‡a210068 ‡bOCoLC ‡c210068 ‡tbiblio ‡soclc

Additional Resources